General Volleyball Knowledge - Statistics

General Stats
  • This quiz has been taken 1,595 times
  • The average score is 6 of 15
Answer Stats
Hint Answer % Correct
Entering the ball into play Serve
83%
A serve that ends the rally Ace
81%
When one or more players stop the ball from coming over the net. Block
79%
When a player plays the ball with their hands. Set
78%
When a player plays a slow driven ball with their platform. Pass
62%
A hit that ends the rally Kill
60%
When a player plays a hard driven ball. Dig
58%
Who did the US indoor women's team lose to in the championship of the last two Olympics? Brazil
44%
Who won the men's beach championship in the 2012 Olympics? Julius Brink and Jonas Reckermann
44%
When a player swings at the ball while standing. Down Ball
21%
Who has won the women's beach volleyball in the Olympics the last three times. Misty May and Kerri Walsh
14%
Who won the indoor NCAA D1 championship for women in 2012? Texas Longhorns
11%
In what year did volleyball get its origins? 1895
7%
Who won the indoor NCAA championship for men in 2013? UC Irvine, Springfield (D3)
3%
Who has won the women's indoor NCAA D2 championship the last six years? Concordia-St. Paul
1%
No matching quizzes found
Score Distribution
Percent of People with Each Score
Percentile by Number Answered
Your Score History
You have not taken this quiz